=LDR 00000nam 2200000 4500 =001 INLIS000000000025425 =005 20130612123932 =008 ***********************************Ind** =035 ##$$0010-061300000025425 =041 ##$$a Ind =082 ##$$a 372.6 =090 ##$$a 372.6, Har a =100 ##$$a Haryono, rudi =245 ##$$a Active english childreen, Rudi haryono =260 ##$$a 2004 $b Bandung =300 ##$$a 128 hlm, ilus, 28 cm =650 ##$$a English active =850 ##$$a NBPNMAT